Záchranná sociální síť.
Materiál vychádza zo správy predloženej ministrom práce a sociálnych vecí vo federálnej vláde. Minimálna mzda. Zabezpečenie nezamestnaných občanov a sociálne odkázaných občanov a rodín s deťmi. Úprava pre občanov s diétami, pre dôchodcov. Nominálne mzdy. Prispôsobovanie smerného rastu miezd vývoju ž...
Salvato in:
| Natura: | Capitolo di libro |
|---|---|
| Lingua: | ceco |
| Soggetti: | |
| Tags: |
Nessun Tag, puoi essere il primo ad aggiungerne!!
|
MARC
| LEADER | 00000naa a2200000 4500 | ||
|---|---|---|---|
| 001 | r003806 | ||
| 005 | 20221125081328.9 | ||
| 041 | 0 | |a cze | |
| 044 | |a [CS] | ||
| 245 | 1 | 0 | |a Záchranná sociální síť. |
| 520 | |a Materiál vychádza zo správy predloženej ministrom práce a sociálnych vecí vo federálnej vláde. Minimálna mzda. Zabezpečenie nezamestnaných občanov a sociálne odkázaných občanov a rodín s deťmi. Úprava pre občanov s diétami, pre dôchodcov. Nominálne mzdy. Prispôsobovanie smerného rastu miezd vývoju životných nákladov. Nemocenské zabezpečenie. Podpora rodinám s deťmi a dôchodcom. | ||
| 610 | 2 | 0 | |a politika sociálna |
| 610 | 2 | 0 | |a ČSFR |
| 610 | 2 | 0 | |a mzdy minimálne |
| 610 | 2 | 0 | |a zabezpečenie sociálne |
| 610 | 2 | 0 | |a podpory v nezamestnanosti |
| 610 | 2 | 0 | |a mzdy nominálne |
| 610 | 2 | 0 | |a náklady životné |
| 610 | 2 | 0 | |a nemocenské |
| 610 | 2 | 0 | |a pomoc finančná |
| 610 | 2 | 0 | |a dôchodcovia |
| 610 | 2 | 0 | |a rodina |